<?xml version="1.0" encoding="UTF-8"?>
<collection xmlns="http://www.loc.gov/MARC21/slim">
<record>
  <controlfield tag="001">111568</controlfield>
  <controlfield tag="005">20220309093122.0</controlfield>
  <datafield tag="037" ind1=" " ind2=" ">
    <subfield code="a">TAZ-TFG-2019-905</subfield>
  </datafield>
  <datafield tag="041" ind1=" " ind2=" ">
    <subfield code="a">spa</subfield>
  </datafield>
  <datafield tag="100" ind1="1" ind2=" ">
    <subfield code="a">VILLALBA SAORIN, ANTONIO JESUS</subfield>
  </datafield>
  <datafield tag="242" ind1="0" ind2="0">
    <subfield code="a">Antiplatelets and hip fracture</subfield>
  </datafield>
  <datafield tag="245" ind1="0" ind2="0">
    <subfield code="a">Antiagregantes y fractura de cadera</subfield>
  </datafield>
  <datafield tag="260" ind1=" " ind2=" ">
    <subfield code="a">Zaragoza</subfield>
    <subfield code="b">Universidad de Zaragoza</subfield>
    <subfield code="c">2019</subfield>
  </datafield>
  <datafield tag="500" ind1=" " ind2=" ">
    <subfield code="a">Resumen disponible también en inglés: Background and objective: The purpose of our study was to check whether antiplatelet therapy of any kind significantly decreases the mortality of patients who have suffered a hip fracture, based on a reduction in inflammation caused by the fracture. Patients and objectives: An observational, longitudinal and retrospective study has been carried out, in which we have included all the patients treated in our hospital, in the year 2016, a total of 422 patients, who were divided into two groups, depending on whether they were antiaggregates. After the fracture, to analyze their intrahospital mortality, month, at 12 months and at 40 months. Results: Antiplatelet therapy reduced mortality significantly in the month after fracture (p = 0.047), then the differences were not significant, with a tendency to match the mortalities of both groups. Conclusions: We believe that reducing short-term mortality may have resulted from the anti-inflammatory effect of antiplatelets. It is necessary to carry out a more potent study, to confirm our results, and to let us know if it would be indicated to treat all patients with hip fractures with antiplatelets.</subfield>
  </datafield>
  <datafield tag="506" ind1=" " ind2=" ">
    <subfield code="a">by-nc-sa</subfield>
    <subfield code="b">Creative Commons</subfield>
    <subfield code="c">3.0</subfield>
    <subfield code="u">http://creativecommons.org/licenses/by-nc-sa/3.0/</subfield>
  </datafield>
  <datafield tag="520" ind1=" " ind2=" ">
    <subfield code="a">Fundamento y objetivo: El propósito de nuestro estudio ha sido comprobar si la terapia antiagregante de cualquier tipo, disminuye de forma significativa la mortalidad de los pacientes que sufren una fractura de cadera, en base a una reducción de la inflamación producida por la lesión. Pacientes y objetivo: Se ha realizado un estudio observacional, longitudinal y retrospectivo, en el que hemos incluido a todos los pacientes tratados en nuestro hospital en el año 2016. Se obtuvieron un total de 422 pacientes, que dividimos en dos grupos en función de si estuvieron o no antiagregados tras la fractura, para analizar su mortalidad intrahospitalaria, al mes, a los 12 meses y a los 40 meses. Resultados: El tratamiento con antiagregantes redujo la mortalidad de forma significativa en el mes tras la fractura (p=0.047), posteriormente, las diferencias no fueron significativas, con tendencia a igualarse entre las mortalidades de ambos grupos.  Conclusiones: Creemos que la reducción de la mortalidad a corto plazo puede haberse producido por al efecto antiinflamatorio de los antiagregantes. Es necesario realizar un estudio más potente, que confirme nuestros resultados, y que nos permita conocer si estaría indicado tratar a todos los pacientes con fractura de cadera con antiagregantes.&lt;br /></subfield>
  </datafield>
  <datafield tag="521" ind1=" " ind2=" ">
    <subfield code="a">Graduado en Medicina</subfield>
  </datafield>
  <datafield tag="540" ind1=" " ind2=" ">
    <subfield code="a">Derechos regulados por licencia Creative Commons</subfield>
  </datafield>
  <datafield tag="700" ind1=" " ind2=" ">
    <subfield code="a">Gómez Vallejo, Jesús</subfield>
    <subfield code="e">dir.</subfield>
  </datafield>
  <datafield tag="710" ind1="2" ind2=" ">
    <subfield code="a">Universidad de Zaragoza</subfield>
    <subfield code="b">Cirugía, Ginecología y Obstetricia</subfield>
    <subfield code="c">Traumatología y Ortopedia</subfield>
  </datafield>
  <datafield tag="856" ind1="0" ind2=" ">
    <subfield code="f">673023@celes.unizar.es</subfield>
  </datafield>
  <datafield tag="856" ind1="4" ind2=" ">
    <subfield code="s">1350973</subfield>
    <subfield code="u">http://zaguan.unizar.es/record/111568/files/TAZ-TFG-2019-905.pdf</subfield>
    <subfield code="y">Memoria (spa)</subfield>
  </datafield>
  <datafield tag="909" ind1="C" ind2="O">
    <subfield code="o">oai:zaguan.unizar.es:111568</subfield>
    <subfield code="p">driver</subfield>
    <subfield code="p">trabajos-fin-grado</subfield>
  </datafield>
  <datafield tag="950" ind1=" " ind2=" ">
    <subfield code="a"></subfield>
  </datafield>
  <datafield tag="980" ind1=" " ind2=" ">
    <subfield code="a">TAZ</subfield>
    <subfield code="b">TFG</subfield>
    <subfield code="c">MED</subfield>
  </datafield>
  <datafield tag="999" ind1=" " ind2=" ">
    <subfield code="a">20190530122452.CREATION_DATE</subfield>
  </datafield>
  <datafield tag="951" ind1=" " ind2=" ">
    <subfield code="a">deposita:2022-03-09</subfield>
  </datafield>
</record>
</collection>